| 000 | 00841cam a2200241 a 4500 | ||
|---|---|---|---|
| 005 | 20260205120419.0 | ||
| 008 | 870820m19009999coub b 001 0 eng | ||
| 020 | _a1555870414 | ||
| 020 | _a1555870422 | ||
| 020 | _a9781555870393 | ||
| 040 |
_aKABLIB _cKABLIB _erda |
||
| 082 | 0 | 0 |
_a321.8 _223 _bDEM |
| 245 | 0 | 0 |
_aDemocracy in developing countries : _bAsia / _cedited by Larry Diamond, Juan J. Linz, Seymour Martin Lipset. |
| 260 |
_aBoulder, Colo. : _bL. Rienner ; _aLondon : _bAdamantine Press, _cc1989. |
||
| 300 |
_axxix, 489 p. : _bill. ; _c23 cm. |
||
| 504 | _aIncludes bibliographies, indexes. | ||
| 650 | 0 | _aDemocracy. | |
| 651 | 0 |
_aDeveloping countries _xPolitics and government. _915165 |
|
| 700 | 1 |
_aDiamond, Larry Jay. _915184 |
|
| 700 | 1 |
_aLinz, Juan J. _915204 |
|
| 700 | 1 |
_aLipset, Seymour Martin. _915205 |
|
| 942 |
_2ddc _cBOOK |
||
| 999 |
_c6019 _d6019 |
||